000 00229 a2200097 4500
001 32557
100 _aSchildt, Herbert
245 _aC++ From the ground Up
260 _aCalifornia
_bOsborno McGraw Hill
_c
090 _c21773
_d21773
942 _aNUST-CAE
_c
_c13084
999 _c267630
_d267630